000 03893nab a2200253 i 4500
003 BR-BrBNA
005 20240816112306.0
008 240816b2017 bl.qr|pooa||| 00| 0 spa |
040 _aBR-BrBNA
_bspa
072 _aF60
100 _aCardinali, F.J.
100 _aThevenon, M.A.
100 _aBalmaceda, R.B.
245 _aEfecto diurético y salurético de infusiones de Cuphea glutinosa cham et Schltdl. (Lythraceae) en ratas Wistar
500 _aPublicação on-line; 26 ref.; 2 tables; 1 illus.; Summaries (En, Es)
520 _a RESUMEN: Cuphea glutinosa (Lythraceae), popularmente conocida como siete sangrías o sanguinaria, ha sido utilizada en las prácticas de medicina popular, especialmente como diurética e hipotensora. Este estudio evalúa la actividad diurética y salurética sobre las excreciones urinarias de ratas Wistar acumuladas en 24 h. Se administraron oralmente tres concentraciones en infusiones de planta completa de C. glutinosa (2.5%, 5% y 10%), furosemida (10 mg/kg peso vivo) como control positivo y una solución salina de NaCl al 0.9% (5ml/100g de peso vivo) como control negativo o blanco. Los resultados mostraron efecto diurético positivo para todos los tratamientos, particularmente en concentraciones al 5% con valores de índices diuréticos significativamente superiores al control y a furosemida. Los estudios de saluresis mostraron que la administración al 2,5 % incrementó significativamente la excreción de Na+ comparado con el control, valores que también superaron los inducidos por furosemida. La administración oral de 2,5 y 5 % de infusión causan las menores excreciones de K+ aunque mayores que el control pero significativamente menores a los excretados por furosemida. Los resultados demuestran que la infusión de C. glutinosa induce un notable efecto diurético y una respuesta salurética tanto de Na+ como de K+, comportándose como un diurético tipo tiazídico. Palabras claves: Cuphea, tiazídico, diuresis, saluresis, ratas
520 _a ABSTRACT: Diuretic and saluretic effect of Cuphea glutinosa cham et Schltdl. (Lythraceae) infusions in Wistar rats. Cuphea glutinosa (Lythraceae), popularly known as “siete sangrías” or “sanguinaria”, has been used in popular medicine practices, especially as a diuretic and hypotensive. This study evaluates diuretic and saluretic activity on urinary excretions of Wistar rats accumulated in 24 h. Three concentrations were given orally in whole-plant infusions of C. glutinosa (2.5%, 5% and 10%), furosemide (10 mg / kg body weight) as a positive control and 0.9% NaCl salt solution (5 ml / 100 g of live weight) as negative control or blank. Results showed a positive diuretic effect for all treatments, particularly in 5% concentrations, with diuretic index values significantly higher than control and furosemide. Studies of saluresis showed that administration to 2.5% significantly increased Na+ excretion compared to control, values that also exceed those induced by furosemide. Oral administration of 2.5 and 5% of infusion causes the lowest excretions of K+ although higher than control but significantly lower than those excreted by furosemide. Results showed that the infusion of C. glutinosa induces a remarkable diuretic effect and a saluretic response of both Na+ and K+, behaving like a thiazide-type diuretic. Keywords: Cuphea, thiazide, diuresis, saluresis, rats
650 _aPLANTA MEDICINAL
650 _aLYTHRACEAE
773 0 _03543
_9317263
_dBotucatu-SP Instituto de Biociências - Departamento de Química e Bioquímica 1998
_o2024-3900
_tRevista Brasileira de Plantas Medicinais (Brazil)
_x1516-0572
_gv. 19(4) p. 513-517; (2017)
_wBR2024002142
856 _uhttp://www.sbpmed.org.br/admin/files/papers/file_woHtIR3VzCRI.pdf
942 _cAnalítica
999 _c300929
_d300929